| 000 | 00532nam a2200181Ia 4500 | ||
|---|---|---|---|
| 005 | 20250326123637.0 | ||
| 008 | 250326s9999 xx 000 0 und d | ||
| 037 | _aTextbook | ||
| 040 |
_aFMSL _beng _cFMSL |
||
| 041 |
_aeng _2eng |
||
| 084 |
_aX:74 P7.1 _qFMSL |
||
| 100 | _aDavila T | ||
| 245 | 0 |
_aCreative enterprise: Managing innovative organizations and people _cDavila T; Epstein M J And Others |
|
| 260 |
_aUSA _bUSA, Praeger _c2007 |
||
| 300 | _a202p | ||
| 942 |
_cTB _hX:74 P7.1 |
||
| 999 |
_c1270298 _d1270298 |
||